Quizzes
Events
Quiz Creation
Community
Videos
Private Events
Remove Ads
Sign In
Join for FREE
Feedback
Dark Mode
Quiz Categories
Sports
Geography
Music
Movies
Television
Just For Fun
Miscellaneous
History
Literature
Language
Science
Gaming
Entertainment
Religion
Holiday
For Kids
Quiz Lab
Recent
Popular Today
Quiz Kudos Today
Editor Picks
Curator Picks
Quizzes by...
Day
Popularity
Type
Ratings
Length
Year
Community
Subscriptions
Recent Discussions
Orange Saloon
Badges
Playlists
Quests
Create
Leaderboards
Showdown
Live 5
Trivia Bingo
Activity
Puzzle Library
Sporcle Events
Private Events
Virtual Trivia
Globe League
Become a Host
Pub Owners
SporcleCon
Opinionation
Our Games
Videos
Blog
Mobile Apps
Partnerships
Remove Ads and Go Orange
Feedback
Television
TV Characters
TV Show
Sitcom
Network
Friends
Reality Shows
Cast
South Park
Star Trek
The Simpsons
Doctor Who
Television
TV Characters
TV Show
Sitcom
Network
Friends
Reality Shows
Cast
South Park
Star Trek
The Simpsons
Doctor Who
Random Quiz
Search Sporcle
×
Quiz Lab
Quiz Lab
Television
TV Show
Type in answers that appear in a list
Type in answers that appear in a list
Classic
Best Score? Go Orange.
Guess the Galavant Song Lyrics Stats
Can you guess the lyrics to this song from Season 2 of Galavant?
By
ramurphy2005
5m
99 Questions
285 Plays
285 Plays
285 Plays
Comments
Comments
Give Quiz Kudos
Give Quiz Kudos
-
- Ratings
hide this ad
Replay
Link that replays current quiz
Next Quiz
Link to next quiz in quiz playlist
You Got
0%
They Got
Avg Score
55%
Avg Friend Score
Upgrade to see
Score Distribution
Jump to the score distribution portion of the page
Score
0/99
Timer
05:00
0
Plays Today
Answer
% Correct
I
96.8%
a
93.7%
the
87%
the
87%
the
87%
you
84.6%
you
84.6%
you
84.6%
you
84.6%
you
84.6%
you
84.6%
you
84.6%
it
77.5%
to
75.4%
to
75.4%
of
74%
me
73.3%
And
73.3%
and
73.3%
be
71.2%
she
70.2%
don't
68.1%
Don't
68.1%
Don't
68.1%
Don't
68.1%
don't
68.1%
Don't
68.1%
her
67.4%
her
67.4%
If
66.7%
If
66.7%
your
63.2%
are
62.1%
Answer
% Correct
now
57.5%
now
57.5%
Maybe
57.2%
Maybe
57.2%
Maybe
57.2%
Maybe
57.2%
won't
56.1%
won't
56.1%
won't
56.1%
won't
56.1%
die
55.8%
die
55.8%
die
55.8%
die
55.8%
at
55.1%
this
55.1%
alone
52.6%
never
52.6%
alone
52.6%
alone
52.6%
alone
52.6%
had
52.3%
say
51.2%
you've
50.5%
up
50.2%
or
50.2%
up
50.2%
from
49.5%
ever
49.5%
knows
47.7%
sex
47.4%
all
47.4%
Trust
46.3%
Answer
% Correct
too
45.6%
mention
44.6%
across
43.5%
words
43.5%
bring
42.5%
ex
42.5%
you'll
41.8%
person
41.1%
promise
41.1%
Gaze
40.4%
herpes
40%
Feel
39.6%
screw
37.9%
starting
37.9%
moment
37.2%
ruin
37.2%
fall
36.8%
defenses
36.1%
manage
36.1%
somehow
35.4%
simplex
35.4%
screaming
35.4%
whole
35.1%
connection
34.7%
begin
34.4%
needy
33.7%
mood
33.7%
affection
33.3%
blow
33%
Smile
32.6%
spark
31.6%
sweet
31.2%
return
30.5%
Quiz Playlist
Details
Report
Send in Message
Add To Playlist
Classic:
Type in answers that appear in a list
Last Updated: Feb 16, 2017
Quiz Scoreboard
CHALLENGE
Sign Up to Join the Scoreboard
Show All
Scores
Hide
Comments
May contain spoilers
Recently Published
1-10 Letter E Words III
by El_Dandy
Language
2m
One Thing in Common: World Cities II
by knightlancer
Geography
7m
Popular People in 1961
by mucciniale
History
6m
More to Explore
Quiz From the Vault
Featured Blog Post
Where Did the Easter Bunny Come From?
hide this ad
You Might Also Like...
Tags
TV Show Quiz
Figure Out the Lyrics
Today's Top Quizzes in Television
Browse Television
hide this ad
Today's Top Quizzes in TV Show
Browse TV Show
Top Contributed Quizzes in Television
1
One Piece Logic Puzzle
2
Survivor Logic Puzzle: Heroes vs. Villains
3
Survivor Seasons
4
Survivor Season by Logo
5
Survivor Trivia
6
Survivor Logic Puzzle: Winners at War
7
Ultimate Survivor Logic Puzzle
8
Phoebe Buffay Quotes
9
Emmerdale Characters (from August 2012)
10
One Thing in Common: Television
Explore More
Trending Topics
NBA
Kpop
Anime
Harry Potter
Marvel
Disney
Crossword
Song
Pokémon
Soccer
The Office
Country
Puzzle
NFL
WWE
hide this ad
More By:
ramurphy2005
Quiz
Plays
Rating
Category
Featured
Created
'Christmas Time Is Here' Lyrics
21,659
4.53
Holiday
Dec 4, 2011
Disney Movies in French
4,068
4.28
Movies
Oct 10, 2011
Quick Pick: Jim Henson Muppets
3,353
4.50
Just For Fun
Feb 22, 2016
Broadway Songs (clickable)
863
5.00
Entertainment
Mar 30, 2012
Conditional Tense French Verbs
412
Language
Sep 2, 2016
Go to Creator's Profile
Score Distribution
Quiz Creator Spotlight
ramurphy2005
Follow
Send a Message
Quizzes Created
-
Created Quiz Play Count
-
More By This Creator
Popular Quizzes Today
1
Find the US States - No Outlines Minefield
2
Find the Countries of Europe - No Outlines Minefield
3
The Countries of the World
4
Popular People in 1961
5
1-10 Letter E Words III
6
Find the US States
7
One Thing in Common: World Cities II
8
US States
More Television Quizzes
LOST: Characters in the Hatch
Curator's Pick
Trending Quizzes
Risky Map Clicking: Least Populous States A-Z
1-10 Letter F Words
1-10 Letter G Words
One Thing in Common: United Kingdom
Risky Map Clicking: Biggest States A-Z
Recently Updated
Leaping Animals
pecheneg
Reality TV Shows (A-Z)
bhenderson79
Rickey Henderson's Hall of Fame Teammates
pecheneg
Champions League XIs: Arsenal
pecheneg
Quick Pick: Celebrities in WWE's Hall of Fame
aduchscher
A-Z Keypad Blitz II
pecheneg
Multiple Oscar Actors
pecheneg
Mystery Phrase Blitz: Oscar 'Best Actors'
pecheneg
F. Scott Fitzgerald Novels
LTH
Pick 3 Villains
ddd62291
Trending Topics
Marvel
Disney
Crossword
Harry Potter
Kpop
Anime
NBA
Puzzle
Song
Country
Soccer
WWE
Pokémon
The Office
NFL
Your Account Isn't Verified!
In order to create a playlist on Sporcle, you need to verify the email address you used during registration. Go to your
Sporcle Settings
to finish the process.
Report this User
Report this user for behavior that violates our
Community Guidelines
.
Details:
Send Report
Go to the Sporcle.com Mobile Site →
Comments